00987nas a2200229Ia 4500001001100000003000900011008004100020040001300061040001300074041001300087100004800100210001400148222001400162245011500176250001100291260004100302501008600343300001800429362001400447500026000461650003600721R013/73979IT-RoPAU151124c99999999xx |||||||||||| ||und|| aIT-RoPAU cIT-RoPAU aITALIANO aGhislotti StefanogCodice Aut. SPICS: 18651 aCOSA (LA) aCosa (La) aCOSA VISTA (LA), N.04-1986bEssi Tacciono, Ma la Musica Parla Per Loro-Sguardo Pragmatico Alla Musica Per Film a1a ed. aITALIAbUNIVERSITA' DI TRIESTEc1986 bPaulus - SPICS - Società San Paolo EM (non-commercial uses only)cCopyright2015 a11 p. [24-34] aN.04-1986 aMusica e Cinema. Adorno e le Silly Symphonies. Luoghi degli Affetti. Topologia della Musica per Film. Pragmatica della Musica per Film. Questioni Semantiche. Questioni di Pragmatica Enunciativa. Sguardo Pragmatico Alla Musica per Film. Riferimenti Biblio aCINEMAvPUBBLICAZIONE PERIODICA